|
|
|
|
| LEADER |
00000naa a2200000uu 4500 |
| 001 |
vtls010947656 |
| 003 |
SK-MaSNL |
| 005 |
20260302125821.0 |
| 008 |
210902|1998 xo |||||||||||||||||slo| |
| 015 |
|
|
|a SNBRA
|
| 035 |
|
|
|a (urnnbn)urn:nbn:sk:snk:ar-a0bh1c
|
| 035 |
|
|
|a (uuid)0ce5fb1e-0fb7-4d06-8bb7-328b896141b2
|
| 035 |
|
|
|a urn:nbn:sk:snk-aau958
|
| 040 |
|
|
|a SNKBUCL
|b slo
|c SNKBUCL
|e AACR2
|
| 041 |
0 |
|
|a slo
|
| 044 |
|
|
|a xo
|c SK
|
| 100 |
1 |
|
|a Dzurenda, Ladislav,
|d 1955-
|4 aut
|9 214995
|
| 245 |
1 |
0 |
|a VPLYV PLASTIFIKÁCIE SÝTOU PAROU NA ZMENU VLHKOSTI BUKOVÝCH PODVALOV
|c Ladislav Dzurenda, Nencho Delijski
|
| 700 |
1 |
|
|a Delijski, Nencho
|4 aut
|9 786407
|
| 773 |
0 |
|
|t Vybrané procesy pri chemickom spracúvaní dreva
|d Vo Zvolene : Technická univerzita, 1998
|g S. 23-27
|z 8022807397
|
| 958 |
|
|
|a OND
|
| 958 |
|
|
|a article11
|
| 958 |
|
|
|a chapter
|
| 999 |
|
|
|c 1295995
|d 1297925
|